000 00331nam a2200133Ia 4500
003 OSt
008 191201s2019 xx 000 0 und d
100 _aPAUL, Prasenjit
245 0 _aHow to Avoid Loss and Earn Consistently in the Stock Market
260 _aN. Delhi
_bPartridge
300 _a227
650 _aNCFM
942 _2ddc
_cBK
999 _c6675
_d6675